00372nam a22001211a 4500020002100000040002600021082002300047100002300070245006100093260007300154300002000227852000300247 a0802805361c0.00 aNEGST Library - Kenya aBX 9422.2.D44 1991 aGruchy, John W de. aLiberating Reformed TheologycJohn W. de Gruchy h[Text] aGrand Rapids, MichiganbWilliam B. Eerdmans Publishing Companyc1991 axviii, 291p. ;